000 00832cam a2200253 4500
999 _c48876
_d48876
001 2691454
005 20191114105945.0
008 700818s1970 nyua j 000 1 eng
010 _a 75119617
040 _aDLC
_cDLC
_dDLC
042 _alcac
100 1 _aBach, Richard.
245 1 0 _aJonathan Livingston Seagull.
_cPhotos. by Russell Munson.
260 _aNew York:
_bMacmillan,
_cc1970.
300 _a93 p.:
_billus.;
_c22 cm.
336 _atext
337 _aunmediated
338 _avolume
520 _aBecause he spends so much time perfecting his flying form instead of concentrating on getting food, a seagull is ostracized by the rest of the flock.
650 1 _aGulls
_xFiction.
700 1 _aMunson, Russell,
_eillus.
710 2 _aRouben Mamoulian Collection (Library of Congress)
_5DLC
942 _2lcc
_cBK